<?xml version="1.0" encoding="UTF-8"?>
<record
    xmlns:xsi="http://www.w3.org/2001/XMLSchema-instance"
    xsi:schemaLocation="http://www.loc.gov/MARC21/slim http://www.loc.gov/standards/marcxml/schema/MARC21slim.xsd"
    xmlns="http://www.loc.gov/MARC21/slim">

  <leader>00530nam a22001697a 4500</leader>
  <controlfield tag="005">20260204123730.0</controlfield>
  <controlfield tag="008">260204b        |||||||| |||| 00| 0 eng d</controlfield>
  <datafield tag="020" ind1=" " ind2=" ">
    <subfield code="a">978-184590990-1</subfield>
  </datafield>
  <datafield tag="050" ind1=" " ind2=" ">
    <subfield code="a">LB 1028.C498 2016</subfield>
    <subfield code="b">C.1</subfield>
  </datafield>
  <datafield tag="100" ind1=" " ind2=" ">
    <subfield code="a">CHURCHES,RICHARD</subfield>
  </datafield>
  <datafield tag="245" ind1=" " ind2=" ">
    <subfield code="a">TEACHER -LED: RESEARCH</subfield>
    <subfield code="b">EDUCATIONAL RESEARCH</subfield>
  </datafield>
  <datafield tag="260" ind1=" " ind2=" ">
    <subfield code="a">CARMARTHEN,WALES</subfield>
    <subfield code="b">CROWN HOUSE PUBLISHING COMPANY</subfield>
  </datafield>
  <datafield tag="300" ind1=" " ind2=" ">
    <subfield code="a">X1V,153P:,ILL.</subfield>
  </datafield>
  <datafield tag="650" ind1=" " ind2=" ">
    <subfield code="a">EDUCATIONAL RESA=EARCH,TEACHER- PROFESSIONAL DEVELOPMENT</subfield>
  </datafield>
  <datafield tag="700" ind1=" " ind2=" ">
    <subfield code="a">ELEANOR, DOMMETT</subfield>
  </datafield>
  <datafield tag="942" ind1=" " ind2=" ">
    <subfield code="2">lcc</subfield>
    <subfield code="c">BK</subfield>
  </datafield>
  <datafield tag="999" ind1=" " ind2=" ">
    <subfield code="c">216537</subfield>
    <subfield code="d">216537</subfield>
  </datafield>
  <datafield tag="952" ind1=" " ind2=" ">
    <subfield code="0">0</subfield>
    <subfield code="1">0</subfield>
    <subfield code="2">lcc</subfield>
    <subfield code="4">0</subfield>
    <subfield code="6">LB1028 C498  02016</subfield>
    <subfield code="7">0</subfield>
    <subfield code="8">ARTS</subfield>
    <subfield code="9">374952</subfield>
    <subfield code="a">KSUL</subfield>
    <subfield code="b">KSUL</subfield>
    <subfield code="c">DISPLAY</subfield>
    <subfield code="d">2026-02-04</subfield>
    <subfield code="i">111518</subfield>
    <subfield code="l">0</subfield>
    <subfield code="o">LB 1028 .C498 2016</subfield>
    <subfield code="p">50270</subfield>
    <subfield code="r">2026-02-04 01:39:00</subfield>
    <subfield code="t">C.1</subfield>
    <subfield code="w">2026-02-04</subfield>
    <subfield code="y">BK</subfield>
  </datafield>
  <datafield tag="952" ind1=" " ind2=" ">
    <subfield code="0">0</subfield>
    <subfield code="1">0</subfield>
    <subfield code="2">lcc</subfield>
    <subfield code="4">0</subfield>
    <subfield code="6">LB1028 C498  02016</subfield>
    <subfield code="7">0</subfield>
    <subfield code="8">ARTS</subfield>
    <subfield code="9">374954</subfield>
    <subfield code="a">KSUL</subfield>
    <subfield code="b">KSUL</subfield>
    <subfield code="c">DISPLAY</subfield>
    <subfield code="d">2026-02-04</subfield>
    <subfield code="i">111519</subfield>
    <subfield code="l">0</subfield>
    <subfield code="o">LB 1028 .C498 2016</subfield>
    <subfield code="p">50274</subfield>
    <subfield code="r">2026-02-04 01:39:00</subfield>
    <subfield code="t">C.2</subfield>
    <subfield code="w">2026-02-04</subfield>
    <subfield code="y">BK</subfield>
  </datafield>
  <datafield tag="952" ind1=" " ind2=" ">
    <subfield code="0">0</subfield>
    <subfield code="1">0</subfield>
    <subfield code="2">lcc</subfield>
    <subfield code="4">0</subfield>
    <subfield code="6">LB1028 C498  02016</subfield>
    <subfield code="7">0</subfield>
    <subfield code="8">ARTS</subfield>
    <subfield code="9">374958</subfield>
    <subfield code="a">KSUL</subfield>
    <subfield code="b">KSUL</subfield>
    <subfield code="c">DISPLAY</subfield>
    <subfield code="d">2026-02-04</subfield>
    <subfield code="i">111520</subfield>
    <subfield code="l">0</subfield>
    <subfield code="o">LB 1028 .C498 2016</subfield>
    <subfield code="p">50277</subfield>
    <subfield code="r">2026-02-04 01:39:00</subfield>
    <subfield code="t">C.3</subfield>
    <subfield code="w">2026-02-04</subfield>
    <subfield code="y">BK</subfield>
  </datafield>
  <datafield tag="952" ind1=" " ind2=" ">
    <subfield code="0">0</subfield>
    <subfield code="1">0</subfield>
    <subfield code="2">lcc</subfield>
    <subfield code="4">0</subfield>
    <subfield code="6">LB1028 C498  02016</subfield>
    <subfield code="7">0</subfield>
    <subfield code="8">ARTS</subfield>
    <subfield code="9">374959</subfield>
    <subfield code="a">KSUL</subfield>
    <subfield code="b">KSUL</subfield>
    <subfield code="c">DISPLAY</subfield>
    <subfield code="d">2026-02-04</subfield>
    <subfield code="i">111521</subfield>
    <subfield code="l">0</subfield>
    <subfield code="o">LB 1028 .C498 2016</subfield>
    <subfield code="p">50278</subfield>
    <subfield code="r">2026-02-04 01:39:00</subfield>
    <subfield code="t">C.4</subfield>
    <subfield code="w">2026-02-04</subfield>
    <subfield code="y">BK</subfield>
  </datafield>
  <datafield tag="952" ind1=" " ind2=" ">
    <subfield code="0">0</subfield>
    <subfield code="1">0</subfield>
    <subfield code="2">lcc</subfield>
    <subfield code="4">0</subfield>
    <subfield code="6">LB1028 C498  02016</subfield>
    <subfield code="7">0</subfield>
    <subfield code="8">ARTS</subfield>
    <subfield code="9">374960</subfield>
    <subfield code="a">KSUL</subfield>
    <subfield code="b">KSUL</subfield>
    <subfield code="c">DISPLAY</subfield>
    <subfield code="d">2026-02-04</subfield>
    <subfield code="i">111522</subfield>
    <subfield code="l">0</subfield>
    <subfield code="o">LB 1028 .C498 2016</subfield>
    <subfield code="p">50279</subfield>
    <subfield code="r">2026-02-04 01:39:00</subfield>
    <subfield code="t">C.5</subfield>
    <subfield code="w">2026-02-04</subfield>
    <subfield code="y">BK</subfield>
  </datafield>
</record>
